000 00664nam a2200229 i 4500
001 3715796
003 OSt
005 20230704104058.0
008 810109s1977 ke b 000 0 eng
010 _a 79980310
040 _aDLC
_cDLC
_dDLC
082 0 0 _a340.1
_bMIH
100 1 _aMihyo, Paschal B.
245 1 4 _aThe development of legal philosophy /
_cPaschal B. Mihyo.
260 _aNairobi :
_bEast African Literature Bureau,
_c1977.
300 _a187 p. ;
_c22 cm.
504 _aIncludes bibliographical references.
650 0 _aLaw
_xPhilosophy.
650 0 _aLegal positivism.
906 _a7
_bcbc
_corignew
_d4
_encip
_f19
_gy-gencatlg
942 _2ddc
_cBK
999 _c3663
_d3663